Очерки по истории точных наук: в 4-х томах

Bibliografiske detaljer
Hovedforfatter: Лебедев В. Василий Иванович
Sprog:russisk
Udgivet: Петроград, 4-я Государственная Типография, 1919
Format: MixedMaterials Bog
KOHA link:https://koha.lib.tpu.ru/cgi-bin/koha/opac-detail.pl?biblionumber=327268

MARC

LEADER 00000nam1a2200000 4500
001 327268
005 20231101024438.0
035 |a (RuTPU)RU\TPU\book\352928 
090 |a 327268 
100 |a 20170126d1919 m y0rusy50 ca 
101 0 |a rus 
102 |a RU 
200 1 |a Очерки по истории точных наук  |e в 4-х томах  |f В. Лебедев 
210 |a Петроград  |c 4-я Государственная Типография  |d 1919 
700 1 |a Лебедев  |b В.  |f 1883-  |g Василий Иванович 
801 1 |a RU  |b 63413507  |c 20170126 
801 2 |a RU  |b 63413507  |c 20170127  |g RCR 
942 |c BK